Principle and practice of management (Record no. 20814)

MARC details
000 -LEADER
fixed length control field 00440nam a2200169Ia 4500
008 - FIXED-LENGTH DATA ELEMENTS--GENERAL INFORMATION
fixed length control field 230917s9999||||xx |||||||||||||| ||und||
020 ## - ISBN
Price RS225
040 ## - CATALOGING SOURCE
-- 208603
Original cataloging agency VIVEKANANDA LIBRARY
041 ## - Language
-- English
082 ## - DDC NUMBER
Classification number 658 P664P
100 ## - MAIN ENTRY--PERSONAL NAME
Personal name Pillai, R S N
245 #0 - TITLE STATEMENT
Title Principle and practice of management
260 ## - PUBLICATION, DISTRIBUTION, ETC. (IMPRINT)
Place of publication, distribution, etc New Delhi
Name of publisher, distributor, etc S Chand
Date of publication, distribution, etc 2012
300 ## - PHYSICAL DESCRIPTION
Pages xxi, 401 p.
500 ## - GENERAL NOTE
General note 2563 02/08/2013 5454 10/08/2013 Main Budget
942 ## - ADDED ENTRY ELEMENTS (KOHA)
Koha item type Books
Holdings
Withdrawn status Lost status Damaged status Not for loan Location (home branch) Sublocation or collection (holding branch) Shelving location Date acquired Koha issues (times borrowed) Koha full call number Accession No. Koha date last seen Koha item type Source of classification or shelving scheme
        VIVEKANANDA LIBRARY VIVEKANANDA LIBRARY IHTM Library 08/10/2013   658 P664P 333287 17/09/2023 Books  
        VIVEKANANDA LIBRARY VIVEKANANDA LIBRARY IHTM Library 08/10/2013   658 P664P 333288 17/09/2023 Books  
        VIVEKANANDA LIBRARY VIVEKANANDA LIBRARY IHTM Library 08/10/2013   658 P664P 333289 17/09/2023 Books  
        VIVEKANANDA LIBRARY VIVEKANANDA LIBRARY   08/10/2013 1 658 P664P 334116 14/10/2023 Books  
        VIVEKANANDA LIBRARY VIVEKANANDA LIBRARY   08/10/2013 1 658 P664P 334117 14/10/2023 Books  
        VIVEKANANDA LIBRARY VIVEKANANDA LIBRARY IMSAR Library 08/10/2013 1 658 P664P 351135 07/01/2026 Books  
        VIVEKANANDA LIBRARY VIVEKANANDA LIBRARY IMSAR Library 08/10/2013 1 658 P664P 351136 10/10/2025 Books  
        VIVEKANANDA LIBRARY VIVEKANANDA LIBRARY IMSAR Library 08/10/2013 2 658 P664P 351137 06/11/2025 Books  
        VIVEKANANDA LIBRARY VIVEKANANDA LIBRARY IMSAR Library 08/10/2013   658 P664P 351138 17/09/2023 Books  
        VIVEKANANDA LIBRARY VIVEKANANDA LIBRARY IMSAR Library 08/10/2013 1 658 P664P 351139 21/11/2025 Books  
        VIVEKANANDA LIBRARY VIVEKANANDA LIBRARY   08/10/2013 3 658 P664P 356226 21/03/2024 Books  
Withdrawn   Damaged   VIVEKANANDA LIBRARY VIVEKANANDA LIBRARY   08/10/2013   658 P664P 356227 17/09/2023 Books Dewey Decimal Classification
        VIVEKANANDA LIBRARY VIVEKANANDA LIBRARY   08/10/2013 3 658 P664P 356228 01/01/2024 Books  
© Designed and Maintained by Vivekananda Library, MDU Rohtak